| 000 | 00647nam a2200229Ia 4500 | ||
|---|---|---|---|
| 005 | 20260320201949.0 | ||
| 008 | 008 262003s9999 xx 000 0 eng d | ||
| 037 | _aEBOOK | ||
| 040 | _aCRL | ||
| 040 | _beng | ||
| 040 | _cCRL | ||
| 041 | _2eng | ||
| 041 | _aeng | ||
| 084 | _qCRL | ||
| 100 |
_aBaptista _91136368 |
||
| 245 | 0 | _aSoftware Architecture with C# 12 and .NET 8: Build enterprise applications using microservices, DevOps, EF Core, and design patterns for Azure | |
| 260 | _bIEEE | ||
| 856 | _uhttps://ieeexplore.ieee.org/servlet/opac?bknumber=10460892 | ||
| 942 | _cEBOOK | ||
| 999 |
_c1724532 _d1724532 |
||